00712nam a22002177a 450000500170000001000130001702000220003003500130005203700160006504000120008108200150009310000220010824501190013024600060024926000320025527000430028730000270033065000630035765000490042070000250046920170124110252.0 aA-226973 c00.00a0910608326 aA-226973 bCen Lib/Ret aDPLbEN a025.4bCOM aComaromi, John P. aManual on the use of the Dewey decimal classification, edition 19 /cby John P. Comaromi [and] Margaret J. Warren  b  aAlbany bForest Pressc1982 bAlbany a85, watervliet avenue e12206 axxvii, 551p.c22cm(Hb) aClassification, Dewey decimal -- Handbooks, manuals, etc.  aClassification décimale de Dewey -- Guide. aWarren, Margaret J.